Principles of Electromagnetics / (Record no. 592455)
[ view plain ]
| 000 -LEADER | |
|---|---|
| fixed length control field | 00879nam a22001817a 4500 |
| 003 - CONTROL NUMBER IDENTIFIER | |
| control field | NUST |
| 005 - DATE AND TIME OF LATEST TRANSACTION | |
| control field | 20221121101141.0 |
| 020 ## - INTERNATIONAL STANDARD BOOK NUMBER | |
| International Standard Book Number | 9789332901605 |
| 082 ## - DEWEY DECIMAL CLASSIFICATION NUMBER | |
| Classification number | 621.381,MAH |
| 100 ## - MAIN ENTRY--PERSONAL NAME | |
| Personal name | Mahapatra, S.C |
| 9 (RLIN) | 103232 |
| 245 ## - TITLE STATEMENT | |
| Title | Principles of Electromagnetics / |
| Statement of responsibility, etc. | S.C Mahapatra, Sudipta Mahapatra |
| 250 ## - EDITION STATEMENT | |
| Edition statement | 2nd Edition |
| 260 ## - PUBLICATION, DISTRIBUTION, ETC. | |
| Place of publication, distribution, etc. | McGraw Hill |
| Name of publisher, distributor, etc. | India |
| Date of publication, distribution, etc. | 2015 |
| 300 ## - PHYSICAL DESCRIPTION | |
| Extent | xxi, 825 p |
| 505 ## - FORMATTED CONTENTS NOTE | |
| Formatted contents note | Introductory topics (Page-1), Static electric fields (Page-55), The steady conduction current (Page-190), Magnetic fields due to stationary currents (Page-217), Solution of boundary value problems (Page-355), Time varying electric and magnetic fields (Page-418), The uniform plane electromagnetic wave (Page-477), Two conductor transmission lines (Page-574), Wavegides (Page-639), Radiation from antennas (Page-718), |
| 650 ## - SUBJECT ADDED ENTRY--TOPICAL TERM | |
| Topical term or geographic name entry element | Electromagnetics |
| 9 (RLIN) | 103233 |
| 942 ## - ADDED ENTRY ELEMENTS (KOHA) | |
| Source of classification or shelving scheme | |
| Koha item type | Book |
| Withdrawn status | Lost status | Source of classification or shelving scheme | Damaged status | Not for loan | Permanent Location | Current Location | Shelving location | Date acquired | Total Checkouts | Full call number | Barcode | Date last seen | Price effective from | Koha item type | Public note |
|---|---|---|---|---|---|---|---|---|---|---|---|---|---|---|---|
| Military College of Signals (MCS) | Military College of Signals (MCS) | General Stacks | 11/21/2022 | 621.381,MAH | MCS37761 | 11/21/2022 | 11/21/2022 | Book | Almirah No.31, Shelf No.3 |
